Zoznam diplomových a záverečných prác obhájených na Katedre žurnalistiky FFUK v Bratislave v školskom roku 1995/1996

Bibliographic Details
Main Author: Ružarovský, Ignác (Author)
Format: Article
Language:Slovak
ISSN:0322-7049
Subjects:

MARC

LEADER 00000nab a2200000 a 4500
001 vtls000576517
003 SK-MaSNL
005 20260305010436.0
008 250425c1995 xo 0 slo
015 |a SNBRB19rr/mm-uuuuu 
035 |a CL0576655 
035 |a urn:nbn:sk:snk-abevu 
035 |a (urnnbn)urn:nbn:sk:snk:ar-a03w68 
035 |a (uuid)6fad349f-52ba-4dc9-b613-e1ab49fc8988 
040 |a SNKBUCL  |b slo  |c SNKBUCL  |e AACR2 
041 0 |a slo 
044 |a xo  |c SK 
080 |a 378.4.096:1:07(437.6)(048.1):016  |2 1981 
080 |a 016  |2 1981 
080 |a 07(043.3)  |2 1981 
100 1 |a Ružarovský, Ignác  |4 aut  |9 306679 
245 1 0 |a Zoznam diplomových a záverečných prác obhájených na Katedre žurnalistiky FFUK v Bratislave v školskom roku 1995/1996  |c Ignác Ružarovský 
610 2 7 |a Univerzita Komenského v Bratislave.  |b Filozofická fakulta  |2 SNKKA 
650 0 7 |a práce diplomové  |2 snkbucl  |9 287996 
655 7 |a články z novín a časopisov  |2 snkbucl  |9 267496 
773 0 |t Otázky žurnalistiky  |g Roč. 38, č. 4 (1995), s. 349-351  |x 0322-7049 
850 |a Slovenská národná knižnica 
852 |a Slovenská národná knižnica 
954 |a odborná, vedecká literatúra pôvodná (slovenská)  |2 lita 
957 |a 5100 
958 |a article27 
958 |a RK 
958 |a OND 
958 |a EUIPO 
992 |a RBX 
999 |c 3246713  |d 3248643